[Event "POL-ch U18"]
[Site "Sypniewo"]
[Date "2022.03.26"]
[Round "8"]
[White "Kietrys, Maciej"]
[Black "Koziorowicz, Michal"]
[Result "0-1"]
[WhiteElo "1882"]
[BlackElo "2291"]
[PlyCount "66"]
[EventDate "2022.03.19"]
[EventType "swiss"]
[EventRounds "9"]
[EventCountry "POL"]
[SourceTitle "CBM 207 Extra"]
[Source "ChessBase"]
[SourceDate "2022.05.31"]
[SourceVersion "1"]
[SourceVersionDate "2022.05.31"]
[SourceQuality "1"]

1. e4 c5 2. Nc3 g6 3. g3 Bg7 4. Bg2 Nc6 5. d3 a6 6. Be3 d6 7. Qd2 Nd4 8. Nf3 b5 9. Bxd4 cxd4 10. Ne2 e5 11. 0-0 Ne7 12. c3 dxc3 13. Nxc3 0-0 14. d4 Bb7 15. Rad1 b4 16. Nd5 a5 17. Rfe1 Nxd5 18. exd5 e4 19. Rxe4 Bxd5 20. Rh4 Bxa2 21. Qf4 Qf6 22. Qxf6 Bxf6 23. Rf4 Bg7 24. Nd2 Rac8 25. Ne4 Rc2 26. Nxd6 Rxb2 27. Bc6 Bb3 28. Ra1 a4 29. Re4 a3 30. Bb5 a2 31. Nc4 Rb1+ 32. Re1 Rxa1 33. Rxa1 Bxd4 0-1

[Event "POL-ch U17 Qual"]
[Site "Jastrzebia Gora"]
[Date "2021.11.20"]
[Round "8"]
[White "Zabron, Maksym"]
[Black "Kietrys, Maciej"]
[Result "1/2-1/2"]
[WhiteElo "1896"]
[BlackElo "1860"]
[PlyCount "62"]
[EventDate "2021.11.15"]
[EventType "swiss"]
[EventRounds "9"]
[EventCountry "POL"]
[SourceTitle "EXT 2023"]
[Source "ChessBase"]
[SourceDate "2022.10.05"]
[SourceVersion "1"]
[SourceVersionDate "2022.10.05"]
[SourceQuality "1"]

1. d4 d5 2. c4 c6 3. Nf3 Nf6 4. Qc2 g6 5. g3 Bg7 6. Bg2 0-0 7. 0-0 Na6 8. Bd2 Ne4 9. cxd5 Nxd2 10. Qxd2 cxd5 11. Nc3 Nc7 12. b4 Qd6 13. Qb2 Bd7 14. e3 Rac8 15. Rfc1 Nb5 16. a4 Nxc3 17. Rxc3 Rxc3 18. Qxc3 Rc8 19. Qd2 Rc4 20. b5 Qb4 21. Qxb4 Rxb4 22. Ne1 e6 23. Nd3 Rc4 24. Rc1 Rxc1+ 25. Nxc1 Kf8 26. Nb3 Ke7 27. Nc5 b6 28. Nxd7 Kxd7 29. Kf1 Kd6 30. Ke2 f6 31. Kd3 e5 1/2-1/2

[Event "POL-ch U17 Qual"]
[Site "Jastrzebia Gora"]
[Date "2021.11.17"]
[Round "4"]
[White "Celebias, Filip"]
[Black "Kietrys, Maciej"]
[Result "1/2-1/2"]
[WhiteElo "1534"]
[BlackElo "1860"]
[PlyCount "84"]
[EventDate "2021.11.15"]
[EventType "swiss"]
[EventRounds "9"]
[EventCountry "POL"]
[SourceTitle "EXT 2023"]
[Source "ChessBase"]
[SourceDate "2022.10.05"]
[SourceVersion "1"]
[SourceVersionDate "2022.10.05"]
[SourceQuality "1"]

1. e4 e5 2. Nf3 Nc6 3. Bb5 Nf6 4. d3 d6 5. c3 Be7 6. Nbd2 0-0 7. 0-0 Bg4 8. h3 Bxf3 9. Nxf3 a6 10. Ba4 b5 11. Bc2 d5 12. d4 exd4 13. e5 Ne4 14. cxd4 f5 15. exf6 Bxf6 16. Re1 Re8 17. Bf4 Qd7 18. Rc1 Nd6 19. Ne5 Bxe5 20. dxe5 Nc4 21. Qh5 h6 22. e6 Rxe6 23. Bf5 Rae8 24. Rxe6 Rxe6 25. Qg4 Nd4 26. Bxe6+ Qxe6 27. Qxe6+ Nxe6 28. Bg3 Nxb2 29. Bxc7 Nc4 30. Bb8 Kf7 31. f3 Ke7 32. Kf2 Kd7 33. Re1 Nc5 34. Rd1 Kc6 35. Ba7 a5 36. h4 b4 37. Ke2 a4 38. g4 b3 39. axb3 axb3 40. Rb1 Na3 41. Rb2 Nc4 42. Rb1 Na3 1/2-1/2

[Event "POL-ch U17 Qual"]
[Site "Jastrzebia Gora"]
[Date "2021.11.16"]
[Round "3"]
[White "Kietrys, Maciej"]
[Black "Pieczulis, Blazej"]
[Result "1-0"]
[WhiteElo "1860"]
[BlackElo "1726"]
[PlyCount "85"]
[EventDate "2021.11.15"]
[EventType "swiss"]
[EventRounds "9"]
[EventCountry "POL"]
[SourceTitle "EXT 2023"]
[Source "ChessBase"]
[SourceDate "2022.10.05"]
[SourceVersion "1"]
[SourceVersionDate "2022.10.05"]
[SourceQuality "1"]

1. e4 e5 2. Nf3 Nc6 3. Bc4 Bc5 4. d3 Nf6 5. c3 a5 6. Bb3 d6 7. 0-0 0-0 8. Bg5 h6 9. Bh4 Be6 10. Bc2 Bg4 11. Nbd2 g5 12. Bg3 Nh5 13. Nc4 Nxg3 14. hxg3 Qf6 15. Ne3 Bxf3 16. gxf3 Ne7 17. Kg2 Bxe3 18. fxe3 Ng6 19. Rh1 Kg7 20. Rh5 Ne7 21. Qd2 Qg6 22. Rah1 Rh8 23. f4 f6 24. f5 Qe8 25. Bb3 Qc6 26. Be6 Rad8 27. Kf3 Rh7 28. c4 Qb6 29. d4 c5 30. Qh2 Rdh8 31. dxe5 dxe5 32. Rd1 Rd8 33. Qc2 Rxd1 34. Qxd1 Qxb2 35. g4 Qb6 36. Qd7 Kf8 37. Rh2 Qc6 38. Qd8+ Qe8 39. Qc7 h5 40. Rd2 hxg4+ 41. Kg2 Qc6 42. Rd8+ Kg7 43. Qxe7+ 1-0

[Event "Bialystok Zamenhof Memorial-C 35th"]
[Site "Bialystok"]
[Date "2017.12.29"]
[Round "6.18"]
[White "Dubrawski, Janusz"]
[Black "Kietrys, Maciej"]
[Result "1-0"]
[WhiteElo "1772"]
[BlackElo "1535"]
[PlyCount "67"]
[EventDate "2017.12.27"]
[EventType "swiss"]
[EventRounds "9"]
[EventCountry "POL"]
[SourceTitle "EXT 2023"]
[Source "ChessBase"]
[SourceDate "2022.10.05"]
[SourceVersion "1"]
[SourceVersionDate "2022.10.05"]
[SourceQuality "1"]

1. e4 g6 2. d4 Bg7 3. Nf3 d6 4. Bc4 e6 5. Bg5 Ne7 6. 0-0 h6 7. Be3 0-0 8. Nc3 a6 9. Qd2 Kh7 10. e5 d5 11. Bd3 Nd7 12. Ne2 b6 13. Ng3 Nf5 14. Nxf5 exf5 15. g3 Qe7 16. Nh4 Nb8 17. Rfe1 Rd8 18. Nf3 c5 19. c3 Nc6 20. h4 Rh8 21. Kg2 c4 22. Bc2 Be6 23. Rh1 Kg8 24. Rae1 b5 25. h5 g5 26. Nxg5 hxg5 27. Bxg5 Qf8 28. h6 Bxe5 29. dxe5 Ne7 30. h7+ Rxh7 31. Rxh7 Kxh7 32. Rh1+ Kg8 33. Bf6 Ng6 34. Qg5 1-0

[Event "Bialystok Zamenhof Memorial-C 35th"]
[Site "Bialystok"]
[Date "2017.12.27"]
[Round "1.18"]
[White "Kietrys, Maciej"]
[Black "Wierzbicki, Michal"]
[Result "1/2-1/2"]
[WhiteElo "1535"]
[BlackElo "1846"]
[PlyCount "108"]
[EventDate "2017.12.27"]
[EventType "swiss"]
[EventRounds "9"]
[EventCountry "POL"]
[SourceTitle "EXT 2023"]
[Source "ChessBase"]
[SourceDate "2022.10.05"]
[SourceVersion "1"]
[SourceVersionDate "2022.10.05"]
[SourceQuality "1"]

1. e4 e6 2. d4 d5 3. Nd2 Nc6 4. c3 e5 5. exd5 Qxd5 6. Qf3 Nf6 7. Qxd5 Nxd5 8. dxe5 Nxe5 9. Ngf3 Ng6 10. Bc4 Be6 11. Nd4 0-0-0 12. 0-0 Bd6 13. Ne4 Be7 14. Re1 Rhe8 15. Bg5 Nf8 16. Bxe7 Rxe7 17. Rad1 c6 18. Ng5 Rdd7 19. Ngxe6 fxe6 20. Re5 c5 21. Nxe6 Rxe6 22. Rxe6 Nxe6 23. Rxd5 Rxd5 24. Bxd5 Nf4 25. Be4 g6 26. Kf1 Kc7 27. g3 Nh5 28. Ke2 b5 29. f4 Nf6 30. Kf3 Kd6 31. h3 a5 32. b3 c4 33. bxc4 bxc4 34. Ke3 Kc5 35. g4 Nd7 36. h4 Nf6 37. Bf3 h6 38. g5 hxg5 39. hxg5 Ng8 40. Ke4 Ne7 41. Ke5 Nf5 42. Kf6 Kd6 43. Be2 Ne3 44. Kxg6 Nd5 45. f5 Nf4+ 46. Kg7 Nxe2 47. f6 Nf4 48. f7 Ne6+ 49. Kf6 Nf8 50. g6 Nd7+ 51. Kg7 Ke7 52. Kg8 a4 53. a3 Nf6+ 54. Kg7 Nd7 1/2-1/2

[Event "Bialystok Zamenhof Memorial-C 35th"]
[Site "Bialystok"]
[Date "2017.12.27"]
[Round "2.16"]
[White "Pytel, Przemyslaw"]
[Black "Kietrys, Maciej"]
[Result "1-0"]
[WhiteElo "1870"]
[BlackElo "1535"]
[PlyCount "51"]
[EventDate "2017.12.27"]
[EventType "swiss"]
[EventRounds "9"]
[EventCountry "POL"]
[SourceTitle "EXT 2023"]
[Source "ChessBase"]
[SourceDate "2022.10.05"]
[SourceVersion "1"]
[SourceVersionDate "2022.10.05"]
[SourceQuality "1"]

1. e4 e5 2. Nf3 Nc6 3. Bc4 Bc5 4. c3 Nf6 5. d3 d6 6. 0-0 0-0 7. Bb3 Bg4 8. h3 Bh5 9. Bg5 h6 10. Bh4 Kh7 11. g4 Bg6 12. Nbd2 Qe7 13. Nc4 Nd8 14. Ne3 c6 15. Nf5 Bxf5 16. exf5 b5 17. Re1 Bb6 18. g5 Nd5 19. g6+ fxg6 20. fxg6+ Kxg6 21. Bxe7 Nxe7 22. d4 Kh7 23. dxe5 dxe5 24. Rxe5 Ng6 25. Qe2 Nf7 26. Re6 1-0